Number Tile Select - Statistics

General Stats
  • This quiz has been taken 15 times
  • The average score is 117 of 125
Answer Stats
Question Tile Select % Correct
Numbers that when squared are less than 250 1 Yes
100%
Numbers that when squared are less than 250 10 Yes
100%
Square Numbers 10 No
100%
Numbers that when squared are less than 250 11 Yes
100%
Powers of 2 11 No
100%
Square Numbers 11 No
100%
Numbers that when squared are less than 250 12 Yes
100%
Square Numbers 12 No
100%
Numbers that when squared are less than 250 13 Yes
100%
Powers of 2 13 No
100%
Square Numbers 13 No
100%
Numbers that when squared are less than 250 14 Yes
100%
Square Numbers 14 No
100%
Numbers that when squared are less than 250 15 Yes
100%
Powers of 2 15 No
100%
Square Numbers 15 No
100%
Numbers that when squared are less than 250 16 No
100%
Powers of 2 16 Yes
100%
Square Numbers 16 Yes
100%
Numbers that when squared are less than 250 17 No
100%
Powers of 2 17 No
100%
Square Numbers 17 No
100%
Numbers that when squared are less than 250 18 No
100%
Square Numbers 18 No
100%
Numbers that when squared are less than 250 19 No
100%
Powers of 2 19 No
100%
Square Numbers 19 No
100%
Numbers that when squared are less than 250 2 Yes
100%
Square Numbers 2 No
100%
Numbers that when squared are less than 250 20 No
100%
Square Numbers 20 No
100%
Numbers that when squared are less than 250 21 No
100%
Powers of 2 21 No
100%
Square Numbers 21 No
100%
Numbers that when squared are less than 250 22 No
100%
Square Numbers 22 No
100%
Numbers that when squared are less than 250 23 No
100%
Powers of 2 23 No
100%
Square Numbers 23 No
100%
Numbers that when squared are less than 250 24 No
100%
Square Numbers 24 No
100%
Numbers that when squared are less than 250 25 No
100%
Numbers that when squared are less than 250 3 Yes
100%
Powers of 2 3 No
100%
Square Numbers 3 No
100%
Numbers that when squared are less than 250 4 Yes
100%
Powers of 2 4 Yes
100%
Square Numbers 4 Yes
100%
Numbers that when squared are less than 250 5 Yes
100%
Powers of 2 5 No
100%
Square Numbers 5 No
100%
Numbers that when squared are less than 250 6 Yes
100%
Square Numbers 6 No
100%
Numbers that when squared are less than 250 7 Yes
100%
Powers of 2 7 No
100%
Square Numbers 7 No
100%
Numbers that when squared are less than 250 8 Yes
100%
Numbers that when squared are less than 250 9 Yes
100%
That appear in the Fibonacci Sequence 1 Yes
93%
That appear in the Fibonacci Sequence 10 No
93%
Powers of 2 10 No
93%
That appear in the Fibonacci Sequence 11 No
93%
That appear in the Fibonacci Sequence 12 No
93%
Powers of 2 12 No
93%
Digits of Pi that are a 3 (1st, is 3, 2nd is .1) 12th No
93%
That appear in the Fibonacci Sequence 13 Yes
93%
Digits of Pi that are a 3 (1st, is 3, 2nd is .1) 13th No
93%
That appear in the Fibonacci Sequence 14 No
93%
Powers of 2 14 No
93%
That appear in the Fibonacci Sequence 15 No
93%
That appear in the Fibonacci Sequence 16 No
93%
That appear in the Fibonacci Sequence 17 No
93%
That appear in the Fibonacci Sequence 18 No
93%
Powers of 2 18 No
93%
That appear in the Fibonacci Sequence 19 No
93%
That appear in the Fibonacci Sequence 2 Yes
93%
Powers of 2 2 Yes
93%
That appear in the Fibonacci Sequence 20 No
93%
Powers of 2 20 No
93%
That appear in the Fibonacci Sequence 21 Yes
93%
That appear in the Fibonacci Sequence 22 No
93%
Powers of 2 22 No
93%
That appear in the Fibonacci Sequence 23 No
93%
That appear in the Fibonacci Sequence 24 No
93%
Powers of 2 24 No
93%
That appear in the Fibonacci Sequence 25 No
93%
Powers of 2 25 No
93%
Square Numbers 25 Yes
93%
Digits of Pi that are a 3 (1st, is 3, 2nd is .1) 2nd No
93%
That appear in the Fibonacci Sequence 3 Yes
93%
Digits of Pi that are a 3 (1st, is 3, 2nd is .1) 3rd No
93%
That appear in the Fibonacci Sequence 4 No
93%
Digits of Pi that are a 3 (1st, is 3, 2nd is .1) 4th No
93%
That appear in the Fibonacci Sequence 5 Yes
93%
Digits of Pi that are a 3 (1st, is 3, 2nd is .1) 5th No
93%
That appear in the Fibonacci Sequence 6 No
93%
Powers of 2 6 No
93%
Digits of Pi that are a 3 (1st, is 3, 2nd is .1) 6th No
93%
That appear in the Fibonacci Sequence 7 No
93%
Digits of Pi that are a 3 (1st, is 3, 2nd is .1) 7th No
93%
That appear in the Fibonacci Sequence 8 Yes
93%
Powers of 2 8 Yes
93%
Square Numbers 8 No
93%
Digits of Pi that are a 3 (1st, is 3, 2nd is .1) 8th No
93%
That appear in the Fibonacci Sequence 9 No
93%
Powers of 2 9 No
93%
Digits of Pi that are a 3 (1st, is 3, 2nd is .1) 11th No
86%
Digits of Pi that are a 3 (1st, is 3, 2nd is .1) 14th No
86%
Digits of Pi that are a 3 (1st, is 3, 2nd is .1) 15th No
86%
Digits of Pi that are a 3 (1st, is 3, 2nd is .1) 1st Yes
86%
Digits of Pi that are a 3 (1st, is 3, 2nd is .1) 20th No
86%
Digits of Pi that are a 3 (1st, is 3, 2nd is .1) 21st No
86%
Digits of Pi that are a 3 (1st, is 3, 2nd is .1) 23rd No
86%
Digits of Pi that are a 3 (1st, is 3, 2nd is .1) 24th No
86%
Square Numbers 9 Yes
86%
Digits of Pi that are a 3 (1st, is 3, 2nd is .1) 9th No
86%
Square Numbers 1 Yes
79%
Digits of Pi that are a 3 (1st, is 3, 2nd is .1) 17th No
79%
Digits of Pi that are a 3 (1st, is 3, 2nd is .1) 19th No
79%
Digits of Pi that are a 3 (1st, is 3, 2nd is .1) 22nd No
79%
Digits of Pi that are a 3 (1st, is 3, 2nd is .1) 10th Yes
64%
Powers of 2 1 Yes
57%
Digits of Pi that are a 3 (1st, is 3, 2nd is .1) 16th Yes
57%
Digits of Pi that are a 3 (1st, is 3, 2nd is .1) 18th Yes
57%
Digits of Pi that are a 3 (1st, is 3, 2nd is .1) 25th No
50%
No matching quizzes found
Score Distribution
Percent of People with Each Score
Percentile by Number Answered
Your Score History
You have not taken this quiz